Central Library OPAC University of Rajshahi

শ্রীকৃষ্ণকীর্তন সমগ্র / (Record no. 39736)

MARC details
000 -LEADER
fixed length control field 01110nam a2200253 a 4500
001 - CONTROL NUMBER
control field 39736
003 - CONTROL NUMBER IDENTIFIER
rucl marc code BD-RjUL
005 - DATE AND TIME OF LATEST TRANSACTION
control field 20211209053041.0
008 - FIXED-LENGTH DATA ELEMENTS--GENERAL INFORMATION
fixed length control field 160529r20131966ii ||||| |||| 00| 0 ben d
020 ## - INTERNATIONAL STANDARD BOOK NUMBER
International Standard Book Number 9788129518446
Terms of availability : Tk 616.00
035 ## - SYSTEM CONTROL NUMBER
System control number (BD-RjUL)39849
040 ## - CATALOGING SOURCE
Original cataloging agency BD-RjUL
Language of cataloging ben
Transcribing agency BD-RjUL
041 ## - LANGUAGE CODE
Language code of text/sound track or separate title ben
082 ## - DEWEY DECIMAL CLASSIFICATION NUMBER
Edition number 23
Classification number 294.5
Author mark and year CHS 2013
100 ## - MAIN ENTRY--PERSONAL NAME
Personal name চণ্ডীদাস, বড়ু.
9 (RLIN) 127106
245 ## - TITLE STATEMENT
Title শ্রীকৃষ্ণকীর্তন সমগ্র /
Statement of responsibility, etc. বড়ু চণ্ডীদাস ; ভুমিকা সম্পাদনা টীকা : অমিত্রসূদন ভট্টাচার্য
250 ## - EDITION STATEMENT
Edition statement ১৪র্থ সং.
260 ## - PUBLICATION, DISTRIBUTION, ETC. (IMPRINT)
Place of publication, distribution, etc. কলকাতা :
Name of publisher, distributor, etc. দে'জ পাবলিশিং,
Date of publication, distribution, etc. ১৯৬৬ [মুদ্রণ ২০১৩]
300 ## - PHYSICAL DESCRIPTION
Pagination ৫০৩ পৃ. ;
Size ২২ সেমি
650 ## - SUBJECT ADDED ENTRY--TOPICAL TERM
Topical term or geographic name as entry element হিন্দুত্ত্ববাদ
9 (RLIN) 122397
Topical term or geographic name as entry element Hinduism
9 (RLIN) 122398
700 ## - ADDED ENTRY--PERSONAL NAME
Personal name ভট্টাচার্য, অমিত্রসূদন, সম্পাদক
942 ## - ADDED ENTRY ELEMENTS (KOHA)
Source of classification or shelving scheme Dewey Decimal Classification
Koha item type Books
Holdings
Lost status Source of classification or shelving scheme Damaged status Not for loan Collection code Permanent Location Current Location Shelving location Date acquired Source of acquisition Cost, normal purchase price Total Checkouts Full call number Date last seen Copy number Koha item type Checked out Date checked out
  Dewey Decimal Classification   Not For Loan Non-fiction Central Library, University of Rajshahi Central Library, University of Rajshahi Reading Room 05/07/2015 Batighar, Chittagong 616.00   B 294.5 CHS 2013 17/04/2016 C-1 Books    
  Dewey Decimal Classification     Non-fiction Central Library, University of Rajshahi Central Library, University of Rajshahi   05/07/2015 Batighar, Chittagong 616.00 9 B 294.5 CHS 2013 24/05/2026 C-2 Books 08/06/2026 24/05/2026
  Dewey Decimal Classification     Non-fiction Central Library, University of Rajshahi Central Library, University of Rajshahi   05/07/2015 Batighar, Chittagong 616.00 8 B 294.5 CHS 2013 26/12/2023 C-3 Books   13/11/2023